000 00701cem a2200193 a 4500
020 _a0789410850
082 0 0 _a912
_bCOR
_cL-NUST, P-40
110 2 _aDorling Kindersley Publishing, Inc.
_947423
245 1 4 _aThe Dorling Kindersley world reference atlas.
250 _a2nd American ed.
260 _aNew York ;
_aLondon :
_bDorling Kindersley,
_cc1996.
300 _a1 atlas (731 p.) :
_bcol. ill., col. maps ;
_c27 cm.
500 _aIncludes index/gazetteer.
505 0 0 _aThe world today -- The nations of the world -- Overseas territories & dependencies -- Global issues.
526 _a0
_b0
_c0
_d912_000000000000000_COR
650 0 _aAtlases.
_947424
650 0 _aNUST
_96342
942 _2ddc
_cBK
999 _c550687
_d550687